000 01281nab a2200229 i 4500
001 768714001
003 CO-MdFUSB
005 20240530110430.0
008 240530t1972 ag ||||| |||| 00| 0 spa d
040 _bspa
_cCO-MdFUSB
_dCO-MdFUSB
041 _aspa
100 1 _aPadilla, C. René
_d1932-
_eautor
245 _aEvangelio y responsabilidad social
_c/ C. René Padilla
520 _aRené Padilla afirma que la acción de Dios en Cristo Jesús es el primer paso para comprender el papel que desempeñan los cristianos. La manifestación directa de la expresión del evangelio es lo que impulsa una ética cristiana. Lo que hacemos es sólo una respuesta a lo que Dios ha hecho. "Amamos porque Dios nos amó primero. La correlación clara entre el comportamiento cristiano y el evangelio, particularmente en términos de ética social, no siempre es evidente.
650 7 _aJusticia social
_xAspectos religiosos
_xCristianismo
_96929
650 0 _aIglesia y problemas sociales
_91177
650 0 _aEvangelización
_9362
650 7 _aFe
_9531
773 0 _069974
_982716
_dBuenos Aires
_oR2608
_tCerteza
_w(CO-MdFUSB)768714001
_gNúmero 52, (octubre - diciembre, 1973) páginas: 108 - 113
_qpágina: 108
942 _cANA
945 _aCatherine Arias Álvarez - Practicante SENA
999 _c69994
_d69994